00576 2200229 4500001002100000005001500021035002000036245004000056100002000096260003200116020001800148008004100166082001100207084001700218650002000235650001100255650002100266650001100287650001800298990001500316990001500331INLIS00000000000011320251120073555 a0010-11250001131 aBulan Bugil Bulat /cYanusa Nugroho1 aNugroho, Yanusa aBekasi :bNusa Agung,c2004 a979-444-085-X251120 g 0 ind  a808.83 a808.83 NUG b aKumpulan Cerpen aCerpen aBahasa Indonesia aSastra aCerita Pendek a0073/TP/15 a0073/TP/15